[Event "XXX Festival A"]
[Site "Arco ITA"]
[Date "2008.10.22"]
[Round "5"]
[White "Thonig, Manfred"]
[Black "Mazza, Maurizio"]
[Result "1-0"]
[WhiteElo "1709"]
[BlackElo "1765"]
[PlyCount "45"]
[EventDate "2008.10.18"]

1. f4 Nc6 2. Nf3 d5 3. d4 Bf5 4. e3 Nb4 5. Na3 e6 6. c3 Nc6 7. Bb5 Nf6 8. Ne5
Ne4 9. O-O Qd6 10. Nc2 a6 11. Bxc6+ bxc6 12. Nb4 c5 13. Qa4+ Ke7 14. Nbc6+ Kf6
15. g4 g6 16. gxf5 gxf5 17. Qd1 h5 18. Rf3 h4 19. Qf1 Be7 20. Kh1 Rag8 21. b3
Bd8 22. a4 Qf8 23. Nd7+ 1-0

[Event "XXX Festival A"]
[Site "Arco ITA"]
[Date "2008.10.22"]
[Round "5"]
[White "Tocco, Paolo"]
[Black "Virzi, Ettore"]
[Result "1-0"]
[WhiteElo "2156"]
[BlackElo "1950"]
[PlyCount "43"]
[EventDate "2008.10.18"]

1. d4 Nf6 2. Nc3 d5 3. e4 dxe4 4. f3 Bf5 5. g4 Bg6 6. g5 Nd5 7. Nxe4 e6 8. c3
Nd7 9. Qb3 Rb8 10. Bd2 c6 11. O-O-O b5 12. h4 a5 13. h5 Bf5 14. Bh3 Be7 15.
Bxf5 exf5 16. Ng3 O-O 17. Nxf5 Bxg5 18. Nh3 Bxd2+ 19. Rxd2 Qf6 20. Qc2 Ne3 21.
Nxe3 Qxf3 22. Qxh7+ 1-0

[Event "XXX Festival A"]
[Site "Arco ITA"]
[Date "2008.10.22"]
[Round "5"]
[White "Trauth, Michael"]
[Black "Burani, Eugenio"]
[Result "1-0"]
[WhiteElo "2165"]
[BlackElo "1991"]
[PlyCount "89"]
[EventDate "2008.10.18"]

1. Nf3 Nf6 2. c4 c5 3. g3 g6 4. Bg2 Bg7 5. Nc3 Nc6 6. d4 cxd4 7. Nxd4 O-O 8. c5
Nxd4 9. Qxd4 d6 10. cxd6 Ne8 11. Qh4 Nxd6 12. O-O Bf6 13. Bg5 Nf5 14. Qf4 e5
15. Bxf6 Qxf6 16. Qb4 Be6 17. e3 Rfd8 18. Rad1 Qe7 19. Qxe7 Nxe7 20. Bxb7 Rxd1
21. Bxa8 Rxf1+ 22. Kxf1 f5 23. b3 Nc8 24. Ke2 e4 25. Kd2 Kf8 26. f3 exf3 27.
Bxf3 Ke7 28. Kd3 Kd6 29. Kd4 a6 30. Bb7 Na7 31. Kd3 Nc6 32. Bxc6 Kxc6 33. Kd4
Kd6 34. Na4 h6 35. Nc5 Bc8 36. b4 g5 37. a4 h5 38. h4 g4 39. b5 axb5 40. axb5
Kc7 41. Ke5 Kb6 42. Ne6 Kxb5 43. Ng7 Kc4 44. Nxh5 Kd3 45. Kf4 1-0

[Event "XXX Festival A"]
[Site "Arco ITA"]
[Date "2008.10.22"]
[Round "5"]
[White "Traversi, Carlo"]
[Black "Bondielli, Giorgio"]
[Result "1/2-1/2"]
[WhiteElo "1759"]
[BlackElo "1954"]
[PlyCount "25"]
[EventDate "2008.10.18"]

1. e4 e5 2. Nf3 Nf6 3. d3 Nc6 4. Nc3 d5 5. exd5 Nxd5 6. Bd2 Bc5 7. Be2 O-O 8.
O-O Bg4 9. Ne4 Be7 10. h3 Bxf3 11. Bxf3 Nd4 12. Ng3 Nxf3+ 13. Qxf3 1/2-1/2

[Event "XXX Festival A"]
[Site "Arco ITA"]
[Date "2008.10.22"]
[Round "5"]
[White "Wagner, Frank"]
[Black "Zordan, Diego"]
[Result "1/2-1/2"]
[WhiteElo "1955"]
[BlackElo "1846"]
[PlyCount "50"]
[EventDate "2008.10.18"]

1. Nf3 d5 2. g3 c5 3. Bg2 Nc6 4. O-O Nf6 5. d3 Bg4 6. b3 e6 7. Bb2 Bd6 8. Nbd2
O-O 9. Re1 b5 10. a4 a6 11. e4 dxe4 12. Nxe4 Nxe4 13. Rxe4 Bf5 14. Re1 Qc7 15.
Nh4 Bg6 16. Nxg6 hxg6 17. axb5 axb5 18. Qe2 Rxa1 19. Rxa1 Ne7 20. Qd2 Be5 21.
Bxe5 Qxe5 22. Re1 Qc7 23. Ra1 Nf5 24. c3 Rd8 25. Qe2 Qb6 1/2-1/2

[Event "XXX Festival A"]
[Site "Arco ITA"]
[Date "2008.10.22"]
[Round "5"]
[White "Weinberg, Emanuele"]
[Black "Piccoli, Vincenzo"]
[Result "1/2-1/2"]
[WhiteElo "1861"]
[BlackElo "1972"]
[PlyCount "48"]
[EventDate "2008.10.18"]

1. d4 Nf6 2. c4 e6 3. Nf3 b6 4. g3 Bb7 5. Bg2 Be7 6. Nc3 Ne4 7. Nxe4 Bxe4 8.
O-O O-O 9. Bf4 d6 10. Nd2 Bxg2 11. Kxg2 Nd7 12. Nf3 c5 13. e4 Qc7 14. d5 e5 15.
Bd2 f5 16. Qc2 fxe4 17. Qxe4 g6 18. Qe2 Rf5 19. Bh6 Bf8 20. Bd2 Be7 21. g4 Rf7
22. Bh6 Bf8 23. Bd2 Be7 24. Bh6 Bf8 1/2-1/2

[Event "XXX Festival A"]
[Site "Arco ITA"]
[Date "2008.10.23"]
[Round "6"]
[White "Acunzo, Domenico"]
[Black "Wagner, Frank"]
[Result "0-1"]
[WhiteElo "1797"]
[BlackElo "1955"]
[PlyCount "96"]
[EventDate "2008.10.18"]

1. e4 c5 2. Nf3 Nc6 3. d4 cxd4 4. Nxd4 e5 5. Nb5 a6 6. Nd6+ Bxd6 7. Qxd6 Qe7 8.
Qxe7+ Ngxe7 9. Bd2 d5 10. exd5 Nxd5 11. Nc3 Ndb4 12. Rc1 Bf5 13. Bc4 Nxc2+ 14.
Kf1 O-O 15. g4 Bg6 16. h4 Rad8 17. Be3 Nxe3+ 18. fxe3 Bd3+ 19. Bxd3 Rxd3 20.
Ke2 Rfd8 21. Rhd1 Rxd1 22. Rxd1 Rxd1 23. Nxd1 Kf8 24. Nc3 Ke7 25. Kd3 Ke6 26.
a3 f5 27. g5 b5 28. b4 e4+ 29. Ke2 Kd6 30. h5 g6 31. Kf2 gxh5 32. Kg3 Ke5 33.
Kh4 f4 34. Kxh5 f3 35. Nd1 Kf5 36. Nf2 Ne5 37. Kh6 Nf7+ 38. Kxh7 Nxg5+ 39. Kh6
Nf7+ 40. Kh5 Ne5 41. Kh4 Nd3 42. Kg3 Nxf2 43. Kxf2 Kg4 44. Kf1 Kg3 45. Kg1 Kg4
46. Kf1 Kf5 47. Ke1 Ke5 48. Kd2 Kd5 0-1

[Event "XXX Festival A"]
[Site "Arco ITA"]
[Date "2008.10.23"]
[Round "6"]
[White "Arakhamia-Grant, Ketevan"]
[Black "Llaneza Vega, Marcos"]
[Result "0-1"]
[WhiteElo "2448"]
[BlackElo "2485"]
[PlyCount "84"]
[EventDate "2008.10.18"]

1. e4 e5 2. Nf3 Nc6 3. Bb5 Nd4 4. Nxd4 exd4 5. O-O c6 6. Bc4 Nf6 7. Qe2 d6 8.
d3 Be7 9. Bb3 O-O 10. Nd2 a5 11. a4 Nd7 12. c3 Nc5 13. cxd4 Nxb3 14. Nxb3 Qb6
15. Qc2 Be6 16. Ra3 f5 17. d5 cxd5 18. exf5 Bxf5 19. Be3 Qc6 20. Qd2 Bf6 21.
Nxa5 Qd7 22. b4 b5 23. axb5 Qxb5 24. Bf4 Ra6 25. h3 Rb8 26. Re1 h6 27. g4 Bg6
28. Re6 Qd7 29. Re1 Kh7 30. d4 Rab6 31. Rc3 Qf7 32. Nc6 Rc8 33. Rec1 Qe8 34.
Na5 Rxc3 35. Qxc3 Qe4 36. Be3 Qf3 37. Bd2 Bd3 38. Nb3 Qxh3 39. Bf4 Rc6 40. Qd2
Rxc1+ 41. Nxc1 Be4 42. f3 Qxf3 0-1

[Event "XXX Festival A"]
[Site "Arco ITA"]
[Date "2008.10.23"]
[Round "6"]
[White "Astengo, Corrado"]
[Black "Bertani, Gianfranco"]
[Result "1-0"]
[WhiteElo "2172"]
[BlackElo "2106"]
[PlyCount "43"]
[EventDate "2008.10.18"]

1. e4 Nf6 2. e5 Nd5 3. d4 d6 4. Nf3 g6 5. Bc4 c6 6. Nc3 Bg7 7. O-O Nxc3 8. bxc3
dxe5 9. Ng5 O-O 10. Qf3 Qe8 11. dxe5 Bf5 12. g4 Bxc2 13. Qh3 h6 14. Nf3 b5 15.
Bxh6 Qc8 16. e6 f6 17. Rfe1 bxc4 18. g5 Qe8 19. Bxg7 Kxg7 20. Qh6+ Kg8 21. Nd4
Bd3 22. Re3 1-0

[Event "XXX Festival A"]
[Site "Arco ITA"]
[Date "2008.10.23"]
[Round "6"]
[White "Bondielli, Giorgio"]
[Black "Marino, Francesco V."]
[Result "1/2-1/2"]
[WhiteElo "1954"]
[BlackElo "1686"]
[PlyCount "66"]
[EventDate "2008.10.18"]

1. e4 c5 2. d4 cxd4 3. c3 d3 4. Bxd3 Nc6 5. Nf3 e5 6. O-O Nge7 7. Bg5 Qc7 8.
Nbd2 g6 9. Bf6 Rg8 10. Ng5 h6 11. Ngf3 g5 12. Bxe7 Nxe7 13. Nc4 Ng6 14. Ne3 d6
15. Bb5+ Bd7 16. Nd5 Qd8 17. Bxd7+ Kxd7 18. Qb3 Rb8 19. Qa4+ Ke6 20. Qxa7 f5
21. exf5+ Kxf5 22. Qe3 Nf4 23. Rad1 Qa5 24. Nxf4 gxf4 25. Qd3+ Kf6 26. Qc4 Kg7
27. Rd5 Qb6 28. Rb5 Qa6 29. a4 Kh8 30. b3 Qa8 31. Qd5 Qa7 32. Nd2 b6 33. Ne4
Qg7 1/2-1/2

[Event "XXX Festival A"]
[Site "Arco ITA"]
[Date "2008.10.23"]
[Round "6"]
[White "Burani, Eugenio"]
[Black "Schrott, Johann"]
[Result "0-1"]
[WhiteElo "1991"]
[BlackElo "1689"]
[PlyCount "106"]
[EventDate "2008.10.18"]

1. e4 c5 2. Nf3 Nc6 3. d4 cxd4 4. Nxd4 Nf6 5. Nc3 d6 6. Be2 a6 7. O-O g6 8. Be3
Bg7 9. f4 O-O 10. Kh1 Qc7 11. Nf3 b5 12. Nd5 Nxd5 13. exd5 Na5 14. Bd4 Bxd4 15.
Nxd4 Bb7 16. Bf3 Nc4 17. b3 Ne3 18. Qd3 Nxf1 19. Rxf1 Qc5 20. c4 bxc4 21. bxc4
Rac8 22. Rc1 a5 23. Bg4 Bxd5 24. Bxc8 Rxc8 25. Nb3 Bxg2+ 26. Kxg2 Qa3 27. Rc2
a4 28. Nc1 Qc5 29. Ne2 d5 30. Qd4 Qc6 31. c5 a3 32. Nc1 Ra8 33. Kg3 Ra4 34. Qe5
Re4 35. Qb8+ Kg7 36. Qb6 Qc8 37. Re2 Rc4 38. Nd3 Qf5 39. Re3 h5 40. h3 h4+ 41.
Kf2 d4 42. Rf3 Rc2+ 43. Kg1 Qe4 44. Qb1 Rb2 45. Qf1 Rxa2 46. Rf2 Qe3 47. Kg2
Qe4+ 48. Kg1 Qe3 49. Kg2 Rxf2+ 50. Nxf2 a2 51. Qa1 Qd2 52. Kf1 f6 53. c6 d3 0-1

[Event "XXX Festival A"]
[Site "Arco ITA"]
[Date "2008.10.23"]
[Round "6"]
[White "Casagrande, Fabio"]
[Black "Roversi, Stefano"]
[Result "1/2-1/2"]
[WhiteElo "2017"]
[BlackElo "1839"]
[PlyCount "105"]
[EventDate "2008.10.18"]

1. e4 c5 2. c3 d5 3. exd5 Qxd5 4. d4 Nf6 5. Nf3 Nc6 6. dxc5 Qxd1+ 7. Kxd1 e5 8.
b4 Bg4 9. Bb5 Be7 10. h3 Bxf3+ 11. gxf3 a6 12. Bc4 e4 13. f4 Rd8+ 14. Kc2 Nd5
15. Rd1 Ndxb4+ 16. cxb4 Nxb4+ 17. Kb3 Rxd1 18. Nc3 Rxc1 19. Rxc1 Bxc5 20. Nxe4
Be7 21. a3 Nc6 22. Bxa6 Nd4+ 23. Kc4 Bxa3 24. Re1 Nc2 25. Bb5+ Ke7 26. Rd1 Rd8
27. Rxd8 Kxd8 28. Ba4 Ne1 29. Ng5 Ke7 30. Bd1 h6 31. Ne4 Ng2 32. f5 Nf4 33. h4
b6 34. Kb5 Bc5 35. Nxc5 bxc5 36. Kxc5 Nd3+ 37. Kd4 Nxf2 38. Bf3 Kf6 39. Ke3
Kxf5 40. Kxf2 Kf4 41. Kg2 g5 42. hxg5 hxg5 43. Bd5 f5 44. Kf2 g4 45. Be6 Ke5
46. Bxf5 Kxf5 47. Kg3 Kg5 48. Kg2 Kf4 49. Kf2 g3+ 50. Kg2 Kg4 51. Kg1 Kf3 52.
Kf1 g2+ 53. Kg1 1/2-1/2

[Event "XXX Festival A"]
[Site "Arco ITA"]
[Date "2008.10.23"]
[Round "6"]
[White "Cavatorta, Ivan"]
[Black "Henrichsen, Jens"]
[Result "0-1"]
[WhiteElo "1868"]
[BlackElo "1987"]
[PlyCount "90"]
[EventDate "2008.10.18"]

1. d4 Nf6 2. Nf3 e6 3. e3 b6 4. Bd3 Bb7 5. Nbd2 c5 6. c3 Be7 7. e4 cxd4 8. cxd4
Nc6 9. O-O Nb4 10. Bb1 Ba6 11. Re1 Nd3 12. Bxd3 Bxd3 13. d5 exd5 14. exd5 Nxd5
15. Ne5 Bf5 16. Ndc4 Be6 17. f4 b5 18. f5 bxc4 19. Nxc4 Rc8 20. Nd6+ Bxd6 21.
Qxd5 Bxh2+ 22. Kh1 Qh4 23. Qe4 Bf4+ 24. Kg1 Qh2+ 25. Kf1 Bxc1 26. fxe6 fxe6 27.
Raxc1 O-O+ 28. Ke2 Qh5+ 29. g4 Qb5+ 30. Qd3 Rf2+ 31. Kxf2 Qxd3 32. Rxc8+ Kf7
33. Rc3 Qd4+ 34. Kg3 Qd6+ 35. Kf2 Qh2+ 36. Ke3 Qg3+ 37. Kd2 Qf4+ 38. Kd3 Qxg4
39. Rf1+ Ke7 40. Ra3 e5 41. b3 Qd4+ 42. Kc2 Qe4+ 43. Kc1 Qe3+ 44. Kd1 Qd3+ 45.
Ke1 Qb1+ 0-1

[Event "XXX Festival A"]
[Site "Arco ITA"]
[Date "2008.10.23"]
[Round "6"]
[White "Coqueraut, Jean Dominique"]
[Black "Blasco, Domenico"]
[Result "1/2-1/2"]
[WhiteElo "1892"]
[BlackElo "2022"]
[PlyCount "37"]
[EventDate "2008.10.18"]

1. d4 Nf6 2. c4 c5 3. e3 e6 4. Nc3 Be7 5. Nf3 b6 6. Bd3 Bb7 7. O-O O-O 8. Re1
Nc6 9. a3 d5 10. cxd5 exd5 11. b3 Re8 12. Bb2 cxd4 13. exd4 Bd6 14. b4 Qd7 15.
Qd2 Rxe1+ 16. Rxe1 Re8 17. h3 Rxe1+ 18. Qxe1 Qe6 19. Qxe6 1/2-1/2

[Event "XXX Festival A"]
[Site "Arco ITA"]
[Date "2008.10.23"]
[Round "6"]
[White "Coqueraut, Lodewyk"]
[Black "Romagnoli, Roberto"]
[Result "0-1"]
[WhiteElo "1869"]
[BlackElo "2080"]
[PlyCount "80"]
[EventDate "2008.10.18"]

1. d4 d5 2. c4 e6 3. Nc3 Nf6 4. Nf3 Be7 5. e3 O-O 6. Bd3 Nbd7 7. O-O Re8 8. e4
dxe4 9. Nxe4 Nxe4 10. Bxe4 Nf6 11. Bc2 c5 12. Be3 Ng4 13. Qd3 g6 14. Rad1 Nxe3
15. fxe3 Bf6 16. Ne5 Bxe5 17. dxe5 Qxd3 18. Rxd3 b6 19. Ba4 Rf8 20. Bc6 Rb8 21.
Rd6 Bb7 22. Rfd1 Bxc6 23. Rxc6 Rb7 24. Rdd6 Kg7 25. a4 Kh6 26. Rd2 Kg5 27. Rf2
Rd8 28. Rd6 Rxd6 29. exd6 Rd7 30. g3 f5 31. Rd2 Kf6 32. Kf2 Ke5 33. Kf3 Rxd6
34. Rxd6 Kxd6 35. e4 Ke5 36. exf5 exf5 37. Ke3 g5 38. h3 h6 39. g4 f4+ 40. Kd3
a6 0-1

[Event "XXX Festival A"]
[Site "Arco ITA"]
[Date "2008.10.23"]
[Round "6"]
[White "Cottarelli, Franco"]
[Black "Tomassoni, Leonardo"]
[Result "1/2-1/2"]
[WhiteElo "1899"]
[BlackElo "1982"]
[PlyCount "57"]
[EventDate "2008.10.18"]

1. e4 c5 2. Nc3 d6 3. g3 Nc6 4. Bg2 Nf6 5. d3 g6 6. Nge2 Bg7 7. Bd2 a6 8. Qc1
h5 9. Bg5 e6 10. h3 Qa5 11. O-O Nd7 12. a3 Nd4 13. Bd2 Qb6 14. Nxd4 Bxd4 15.
Rb1 O-O 16. b4 Qc7 17. Ne2 Bg7 18. Bh6 Bxh6 19. Qxh6 cxb4 20. Nf4 Nf6 21. axb4
e5 22. Nd5 Nxd5 23. exd5 Bf5 24. Rfc1 Qd7 25. Kh2 Rac8 26. Rb2 Qc7 27. Bf3 Qc3
28. Rcb1 Qd4 29. Qe3 1/2-1/2

[Event "XXX Festival A"]
[Site "Arco ITA"]
[Date "2008.10.23"]
[Round "6"]
[White "Cracco, Pietro"]
[Black "Buck, Klaus-Michael"]
[Result "1/2-1/2"]
[WhiteElo "1984"]
[BlackElo "1804"]
[PlyCount "40"]
[EventDate "2008.10.18"]

1. Nf3 d5 2. d4 Nf6 3. Bf4 e6 4. e3 Bd6 5. Bg3 h6 6. Bd3 c5 7. c3 Nc6 8. Nbd2
Bxg3 9. hxg3 cxd4 10. exd4 Qb6 11. Rb1 Bd7 12. O-O Rc8 13. Re1 O-O 14. Nb3 Ne7
15. Nc5 Bb5 16. Bc2 Qc7 17. Nd3 Bxd3 18. Bxd3 Nc6 19. Qe2 a6 20. Ne5 b5 1/2-1/2

[Event "XXX Festival A"]
[Site "Arco ITA"]
[Date "2008.10.23"]
[Round "6"]
[White "De Polzer, Manfredi"]
[Black "Paggiaro, Luca"]
[Result "0-1"]
[WhiteElo "1726"]
[BlackElo "2049"]
[PlyCount "96"]
[EventDate "2008.10.18"]

1. e4 e5 2. Nf3 d6 3. d4 exd4 4. c3 dxc3 5. Bc4 Nc6 6. Nxc3 Be7 7. O-O Nf6 8.
Re1 O-O 9. a3 Ne5 10. Nxe5 dxe5 11. Qb3 c6 12. a4 Bc5 13. Be3 Bxe3 14. Rxe3 Ng4
15. Rf3 Qe7 16. Ne2 Be6 17. Ng3 Bxc4 18. Qxc4 g6 19. h3 Nf6 20. Rd1 Rad8 21.
Rfd3 Kg7 22. Ne2 Rxd3 23. Rxd3 Rd8 24. Rf3 Rd2 25. b3 Qd6 26. g4 h6 27. Kg2 Qd7
28. Ng3 Qd4 29. Qc1 a5 30. Qe1 b6 31. Ne2 Qb2 32. Ng3 Nd7 33. Qf1 Qd4 34. h4
Nc5 35. Qe1 Rb2 36. h5 Nd3 37. Qf1 Rxb3 38. hxg6 fxg6 39. Qh1 Nf4+ 40. Kh2 Rb2
41. Qf1 Qd8 42. Qc1 Qh4+ 43. Kg1 Qxg3+ 44. Rxg3 Ne2+ 45. Kg2 Nxc1 46. Rc3 Ne2
47. Rxc6 Rb4 48. Re6 Nf4+ 0-1

[Event "XXX Festival A"]
[Site "Arco ITA"]
[Date "2008.10.23"]
[Round "6"]
[White "De Santis, Alessio"]
[Black "De Andres Gonalons, Fernando"]
[Result "1-0"]
[WhiteElo "2263"]
[BlackElo "2092"]
[PlyCount "107"]
[EventDate "2008.10.18"]

1. f4 d5 2. Nf3 Nf6 3. g3 g6 4. Bg2 Bg7 5. O-O c5 6. d3 Nc6 7. Qe1 d4 8. a4 Nd5
9. Na3 Bg4 10. Ng5 h6 11. Ne4 b6 12. c3 Qd7 13. Nc4 O-O 14. Nf2 Be6 15. Bd2 h5
16. h3 Rac8 17. Kh2 Rfd8 18. Ne4 Nf6 19. Na3 Na5 20. Nxf6+ Bxf6 21. c4 Nb3 22.
Ra2 Nxd2 23. Qxd2 Qxa4 24. Rfa1 Qd7 25. b4 cxb4 26. Qxb4 h4 27. Nc2 hxg3+ 28.
Kxg3 Rc7 29. Ne1 Kg7 30. Nf3 Rh8 31. Rh1 Bf5 32. h4 Qe6 33. Qd2 a5 34. Rb2 Bg4
35. Ng5 Bxg5 36. fxg5 Rc5 37. Qf4 Bh5 38. Qxd4+ Kh7 39. Bd5 Qd6+ 40. Qf4 Qxf4+
41. Kxf4 Rb8 42. Rhb1 e6 43. Be4 Kg7 44. Rxb6 Rxb6 45. Rxb6 Bxe2 46. Ke3 Bg4
47. Rb5 Rc8 48. Rxa5 Rh8 49. Kf4 Be2 50. c5 Rxh4+ 51. Ke3 Bg4 52. c6 Rh8 53. c7
Rc8 54. Rc5 1-0

[Event "XXX Festival A"]
[Site "Arco ITA"]
[Date "2008.10.23"]
[Round "6"]
[White "Dieli, Riccardo"]
[Black "Ferrari, Michele"]
[Result "1/2-1/2"]
[WhiteElo "1943"]
[BlackElo "1825"]
[PlyCount "38"]
[EventDate "2008.10.18"]

1. Nf3 d5 2. c4 e6 3. d4 c6 4. Nc3 f5 5. cxd5 exd5 6. g3 Bd6 7. Ne5 Nd7 8. f4
Ngf6 9. Bh3 Nb6 10. b3 O-O 11. O-O Ne4 12. Bb2 Bd7 13. Rc1 Be8 14. Qc2 Bh5 15.
Nd1 Rc8 16. Ne3 g6 17. Bg2 g5 18. Bxe4 dxe4 19. N3c4 Nd5 1/2-1/2

[Event "XXX Festival A"]
[Site "Arco ITA"]
[Date "2008.10.23"]
[Round "6"]
[White "Diotallevi, Maurizio"]
[Black "Caldara, Sisto"]
[Result "1-0"]
[WhiteElo "2101"]
[BlackElo "1868"]
[PlyCount "61"]
[EventDate "2008.10.18"]

1. d4 g6 2. Nf3 Bg7 3. e4 d6 4. Nbd2 Nd7 5. c3 a6 6. Bd3 e6 7. O-O Ne7 8. Re1
b6 9. Nf1 Bb7 10. Bg5 h6 11. Bd2 g5 12. Kh1 Ng6 13. Ne3 Nf6 14. Nc4 g4 15. Ng1
b5 16. Na5 Bc8 17. e5 Nxe5 18. dxe5 dxe5 19. Qe2 Qd6 20. Rad1 h5 21. Bg5 Nd7
22. Be4 Qb6 23. Bxa8 Qxa5 24. Bc6 Qb6 25. Bxd7+ Bxd7 26. Qd3 Qc6 27. Re2 f6 28.
Qg6+ Kf8 29. Bxf6 Bxf6 30. Qxf6+ Kg8 31. Rxe5 1-0

[Event "XXX Festival A"]
[Site "Arco ITA"]
[Date "2008.10.23"]
[Round "6"]
[White "Dittmar, Peter"]
[Black "Barlocco, Carlo"]
[Result "1-0"]
[WhiteElo "2357"]
[BlackElo "2144"]
[PlyCount "113"]
[EventDate "2008.10.18"]

1. b3 Nf6 2. Bb2 g6 3. Bxf6 exf6 4. c4 Bg7 5. Nc3 f5 6. Rc1 d6 7. g3 Nd7 8. Bg2
Nf6 9. e3 O-O 10. Nge2 c6 11. O-O Qc7 12. b4 a6 13. a4 Be6 14. Nd5 Qd8 15.
Nxf6+ Bxf6 16. d4 Rc8 17. Qd3 Qb6 18. Qd2 Kg7 19. a5 Qa7 20. Nf4 Rfe8 21. Rfd1
Bd7 22. Rb1 Rb8 23. Qd3 Red8 24. Qc2 Be8 25. Ne2 Rbc8 26. Nc3 Rc7 27. Na4 Re7
28. Nb6 Qb8 29. Rd2 Bd7 30. Rbd1 Be6 31. Qd3 Rc7 32. Rc1 Be7 33. Rdc2 Re8 34.
d5 Bc8 35. dxc6 bxc6 36. Qd4+ f6 37. Qa1 Be6 38. Qa4 Qb7 39. b5 cxb5 40. cxb5
Rxc2 41. Qxc2 Qb8 42. bxa6 Bd8 43. Qc6 Re7 44. Rd1 d5 45. Bxd5 Bxd5 46. Rxd5
Kh6 47. Qd6 Qxd6 48. Rxd6 Ra7 49. Rxd8 Rxa6 50. Rd5 Kg7 51. Nd7 Kf7 52. Nb8 Ra8
53. Nc6 Ke6 54. Rd8 Ra6 55. Nd4+ Ke5 56. Rb8 Ke4 57. Rb5 1-0

[Event "XXX Festival A"]
[Site "Arco ITA"]
[Date "2008.10.23"]
[Round "6"]
[White "Drazic, Sinisa"]
[Black "Trauth, Michael"]
[Result "1-0"]
[WhiteElo "2528"]
[BlackElo "2165"]
[PlyCount "43"]
[EventDate "2008.10.18"]

1. e4 c5 2. Nf3 Nc6 3. c3 d5 4. exd5 Qxd5 5. d4 cxd4 6. cxd4 e5 7. Nc3 Bb4 8.
Bd2 Bxc3 9. Bxc3 exd4 10. Nxd4 Nge7 11. Nb5 Qe6+ 12. Be2 O-O 13. Nc7 Qe4 14. f3
Qg6 15. Kf2 Rd8 16. Qc1 Rb8 17. Qf4 Bf5 18. h4 Qd6 19. Qxd6 Rxd6 20. Rad1 Rbd8
21. Rxd6 Rxd6 22. Ne8 1-0

[Event "XXX Festival A"]
[Site "Arco ITA"]
[Date "2008.10.23"]
[Round "6"]
[White "Facchetti, Gianni"]
[Black "Prakken, Gerrit"]
[Result "1/2-1/2"]
[WhiteElo "2154"]
[BlackElo "2206"]
[PlyCount "148"]
[EventDate "2008.10.18"]

1. e4 e5 2. Nf3 Nc6 3. Bc4 Nf6 4. Nc3 Nxe4 5. O-O Nxc3 6. dxc3 f6 7. Re1 d6 8.
Nd4 Qe7 9. Nxc6 bxc6 10. f4 d5 11. Bb3 e4 12. Be3 f5 13. c4 dxc4 14. Bxc4 Be6
15. Qd4 Rd8 16. Qc3 Kf7 17. Rad1 Rxd1 18. Rxd1 h5 19. Bxa7 Rh6 20. Be3 Qe8 21.
a4 Bd6 22. a5 Qa8 23. a6 Bxc4 24. Qxc4+ Ke7 25. Rc1 Rh8 26. Bc5 Rd8 27. b4 Kf6
28. Bd4+ Ke7 29. Be3 Rb8 30. c3 Rb5 31. g3 h4 32. a7 hxg3 33. hxg3 Rd5 34. Kf2
Rd3 35. Rh1 Rxe3 36. Kxe3 Qxa7+ 37. Qd4 Qxd4+ 38. Kxd4 Kf6 39. Ke3 Ke6 40. Kd4
Kf6 41. Rh8 Ke6 42. Rg8 Kf7 43. Rb8 g5 44. Ke3 gxf4+ 45. gxf4 Ke6 46. Rh8 Be7
47. Rh6+ Kf7 48. Kd2 Bf6 49. Rh1 Bg7 50. Ra1 Bh6 51. Ke3 Ke6 52. Ra5 Bf8 53.
Re5+ Kf6 54. Re8 Bd6 55. Rh8 Ke6 56. Rh6+ Kf7 57. Rh4 Be7 58. Rh7+ Ke6 59. Kd4
Bd6 60. Ke3 Be7 61. Rh6+ Bf6 62. c4 Kf7 63. Rh1 Bc3 64. Rb1 Ke6 65. Rb3 Bf6 66.
Ra3 Bb2 67. Ra6 Bc1+ 68. Kf2 Bxf4 69. Rxc6+ Ke7 70. c5 Kd7 71. Rf6 Bd2 72. c6+
Ke7 73. Rxf5 Bxb4 74. Ke3 Kd6 1/2-1/2

[Event "XXX Festival A"]
[Site "Arco ITA"]
[Date "2008.10.23"]
[Round "6"]
[White "Garonzi, Martino"]
[Black "Ager, Josef"]
[Result "0-1"]
[WhiteElo "2008"]
[BlackElo "2231"]
[PlyCount "146"]
[EventDate "2008.10.18"]

1. e4 g6 2. d4 Bg7 3. Nf3 c6 4. Nc3 d6 5. Be3 Nd7 6. Qd2 Qc7 7. O-O-O b5 8. Bd3
a5 9. h4 h6 10. Rhe1 Nb6 11. e5 d5 12. e6 Bxe6 13. Bf4 Qc8 14. Ne5 b4 15. Nb1
Bf5 16. Qe2 Bxd3 17. Rxd3 Nd7 18. Rf3 Nxe5 19. Bxe5 Kf8 20. Bxg7+ Kxg7 21. Qe5+
f6 22. Qe6 Qxe6 23. Rxe6 Rc8 24. Nd2 a4 25. a3 Kf7 26. Rfe3 bxa3 27. bxa3 h5
28. Nb1 Rc7 29. Nc3 Nh6 30. Nxa4 Nf5 31. Re1 Nxd4 32. R6e3 e5 33. g3 Ra8 34.
Nb2 Nb5 35. a4 Nd6 36. Kd2 c5 37. Ra3 c4 38. c3 Rb7 39. Kc2 Ra5 40. Re2 Ne4 41.
Rxe4 Rxb2+ 42. Kxb2 dxe4 43. Kc2 f5 44. Kd2 f4 45. Ra2 Ke6 46. Ke2 Kf5 47. Kf1
e3 48. gxf4 Kxf4 49. fxe3+ Kxe3 50. Rg2 Ra6 51. Ke1 e4 52. Rg3+ Kf4 53. Kf2
Rxa4 54. Rxg6 Ra2+ 55. Kf1 Rc2 56. Rg5 Rxc3 57. Rxh5 Rh3 58. Ke2 Rh2+ 59. Kd1
Ke3 60. Rc5 Kd4 61. Rh5 Kc3 62. Rh8 Kd3 63. Rd8+ Ke3 64. Rh8 Rh1+ 65. Kc2 Ke2
66. h5 e3 67. h6 Ke1 68. h7 e2 69. Kc3 Rh4 70. Kc2 Rh2 71. Kc1 Kf2 72. Rf8+ Ke3
73. Re8+ Kd3 0-1

[Event "XXX Festival A"]
[Site "Arco ITA"]
[Date "2008.10.23"]
[Round "6"]
[White "Jensen, Leif"]
[Black "Pipitone, Antonio"]
[Result "1/2-1/2"]
[WhiteElo "2036"]
[BlackElo "1997"]
[PlyCount "50"]
[EventDate "2008.10.18"]

1. e4 c5 2. g3 Nc6 3. Bg2 g6 4. d3 Bg7 5. c3 d6 6. f4 e5 7. Nf3 Nge7 8. O-O O-O
9. Be3 b6 10. Qc2 d5 11. Na3 h6 12. Nxe5 Nxe5 13. fxe5 d4 14. cxd4 cxd4 15. Bd2
Be6 16. Rac1 Rc8 17. Qb1 Nc6 18. Nc4 Bxc4 19. Rxc4 Nxe5 20. Rxc8 Qxc8 21. Bf4
Re8 22. Rc1 Qa6 23. Bxe5 Rxe5 24. Rc7 Rc5 25. Rxc5 bxc5 1/2-1/2

[Event "XXX Festival A"]
[Site "Arco ITA"]
[Date "2008.10.23"]
[Round "6"]
[White "Karl, Hans"]
[Black "Grigore, George-Gabriel"]
[Result "0-1"]
[WhiteElo "2240"]
[BlackElo "2519"]
[PlyCount "70"]
[EventDate "2008.10.18"]

1. d4 Nf6 2. c4 g6 3. Nc3 Bg7 4. e4 d6 5. f4 c5 6. d5 O-O 7. Nf3 e6 8. Be2 exd5
9. e5 Ne4 10. cxd5 Nxc3 11. bxc3 Nd7 12. O-O dxe5 13. Rb1 e4 14. Ng5 Nf6 15. c4
h6 16. Nh3 Ne8 17. Rb3 Nd6 18. g4 Bd7 19. Rg3 b5 20. cxb5 Nxb5 21. f5 g5 22.
Bc4 Nd4 23. Nf2 Re8 24. Re3 Bb5 25. Bxb5 Nxb5 26. f6 Bxf6 27. Nxe4 Rxe4 28.
Rxe4 Nc3 29. Qf3 Nxe4 30. Qxe4 Bd4+ 31. Kg2 Qd7 32. Qf5 Rd8 33. Qxd7 Rxd7 34.
Rf5 f6 35. Ba3 Rd6 0-1

[Event "XXX Festival A"]
[Site "Arco ITA"]
[Date "2008.10.23"]
[Round "6"]
[White "Kofler, Albin"]
[Black "Giuriato, Sergio"]
[Result "1/2-1/2"]
[WhiteElo "1724"]
[BlackElo "1967"]
[PlyCount "63"]
[EventDate "2008.10.18"]

1. d4 Nf6 2. c4 e6 3. Nf3 d5 4. Nc3 Be7 5. cxd5 exd5 6. e3 O-O 7. Bd3 Nbd7 8.
O-O c5 9. b3 b6 10. Bb2 Bb7 11. Rc1 Rc8 12. Qe2 Ne4 13. Rfd1 Qc7 14. Nb5 Qb8
15. dxc5 bxc5 16. Nc3 Rfd8 17. Nd2 Nxd2 18. Rxd2 g6 19. Ba6 Nb6 20. Bxb7 Qxb7
21. Qf3 c4 22. Rcd1 Qc6 23. h3 f5 24. Nxd5 Rxd5 25. Rxd5 Nxd5 26. Rxd5 c3 27.
Bc1 Qa6 28. Rd7 Kf8 29. e4 Ke8 30. Rd3 fxe4 31. Qxe4 Qf6 32. h4 1/2-1/2

[Event "XXX Festival A"]
[Site "Arco ITA"]
[Date "2008.10.23"]
[Round "6"]
[White "Kopischke, Maik"]
[Black "Bonini, Roberto"]
[Result "1-0"]
[WhiteElo "1930"]
[BlackElo "1843"]
[PlyCount "45"]
[EventDate "2008.10.18"]

1. d4 Nf6 2. Nf3 d5 3. Bf4 e6 4. e3 c5 5. c3 a6 6. a4 Bd6 7. dxc5 Bxf4 8. exf4
Qc7 9. Qd4 O-O 10. Bd3 Nc6 11. Qe3 e5 12. fxe5 Ng4 13. Qg5 h6 14. Qh5 Ngxe5 15.
Nxe5 Nxe5 16. Bc2 Bg4 17. Qh4 Qxc5 18. O-O d4 19. h3 dxc3 20. Nxc3 Bd7 21. Qe4
f5 22. Qf4 Rae8 23. Rfd1 1-0

[Event "XXX Festival A"]
[Site "Arco ITA"]
[Date "2008.10.23"]
[Round "6"]
[White "Ludovici, Roberto"]
[Black "Cavatorta, Fosco"]
[Result "0-1"]
[WhiteElo "1843"]
[BlackElo "1923"]
[PlyCount "44"]
[EventDate "2008.10.18"]

1. d4 d6 2. e4 Nf6 3. Nc3 Nbd7 4. Nf3 e5 5. Bc4 Be7 6. O-O h6 7. h3 c6 8. a4
Qc7 9. Be3 g5 10. Nh2 Nf8 11. dxe5 dxe5 12. Ng4 Nxg4 13. hxg4 Be6 14. Qe2 Qc8
15. f3 Bxc4 16. Qxc4 h5 17. gxh5 Rxh5 18. Bc5 Qe6 19. Qb4 Bxc5+ 20. Qxc5 Qf6
21. Rad1 Ne6 22. Ne2 Nxc5 0-1